Microeconomics : Theory, applications, innovations
Αποθηκεύτηκε σε:
| Κύριος συγγραφέας: | |
|---|---|
| Μορφή: | Βιβλίο |
| Γλώσσα: | English |
| Δημοσίευση: |
New York, London :
Macmillan,
1981
|
| Θέματα: | |
| Ετικέτες: |
Προσθήκη ετικέτας
Δεν υπάρχουν, Καταχωρήστε ετικέτα πρώτοι!
|
MARC
| LEADER | 00000nam a2200000 i 4500 | ||
|---|---|---|---|
| 001 | 1/37157 | ||
| 008 | 950811s1981 eng d | ||
| 020 | |a 0023404000 | ||
| 035 | |l 10024626 | ||
| 040 | |a GR-MY-UA |b gre |e aacr | ||
| 041 | 0 | |a eng | |
| 082 | 0 | |a 338.5 | |
| 100 | 1 | |a Garb, Gerald. | |
| 245 | 1 | 0 | |a Microeconomics : |b Theory, applications, innovations / |c Gerald Gard |
| 260 | |a New York, London : |b Macmillan, |c 1981 | ||
| 650 | 0 | 0 | |a Microeconomics. |
| 852 | |a INST |b CHIOS |e 19950811 |h 338.5 GAR |p 005200001167 |q 005200001167 |t BK |y 0 | ||
| 909 | |a Χ |b 013249 | ||